000
00301nam a2200133Ia 4500
008
240624s9999 xx 000 0 und d
041
_a
eng
082
_a
823 PUR
100
_a
PURI NANDITA C
245
_a
TWO WORLDS
260
_c
2010
_a
New Delhi
_b
Rupa & Co
300
_a
432 : p.
365
_c
RS
_b
25
999
_c
17267
_d
17267